| 000 | 00542nam a2200181Ia 4500 | ||
|---|---|---|---|
| 003 | OSt | ||
| 005 | 20200817113804.0 | ||
| 008 | 190216s9999||||xx |||||||||||||| ||und|| | ||
| 040 | _coclc | ||
| 082 |
_a546 _bPUR/P |
||
| 100 |
_aPuri, B R _94153 |
||
| 245 | 0 |
_aPrinciples Of Inorganic Chemistry / _cB R Puri ; L R Sharma ; S P Jauhar |
|
| 250 | _a20th Ed. | ||
| 260 |
_bShobhan Lal Nagin Chand & Co, _c1986. _aJalandhar: |
||
| 300 | _a1109p | ||
| 650 | _aChemistry-Chemistry | ||
| 942 |
_cBK _2ddc _h546 _iPUR/P _k546 _mPUR/P |
||
| 999 |
_c2677 _d2677 |
||